Mao Tse Tung (Record n. 16377)

Dettagli MARC
000 -LEADER
fixed length control field 00560nam a2200205Ia 4500
003 - CONTROL NUMBER IDENTIFIER
control field IT-RoPAU
005 - DATE AND TIME OF LATEST TRANSACTION
control field 20220918175521.0
008 - FIXED-LENGTH DATA ELEMENTS--GENERAL INFORMATION
fixed length control field 120407s9999 xx 000 0 und d
040 ## - CATALOGING SOURCE
Original cataloging agency IT-RoPAU
040 ## - CATALOGING SOURCE
Transcribing agency IT-RoPAU
041 ## - LANGUAGE CODE
Language code of text/sound track or separate title ita
100 ## - MAIN ENTRY--PERSONAL NAME
Personal name A. Illuminati Augusto e Silvia Calamandrei
9 (RLIN) 32284
245 ## - TITLE STATEMENT
Title Mao Tse Tung
Remainder of title Teoria della rivoluzione e costruzione del socialismo
260 ## - PUBLICATION, DISTRIBUTION, ETC. (IMPRINT)
Place of publication, distribution, etc. Roma
Name of publisher, distributor, etc. Newton Compton Editori
Date of publication, distribution, etc. 1977
300 ## - PHYSICAL DESCRIPTION
Dimensions 21 cm
Extent xliv-767 pp.
490 ## - SERIES STATEMENT
Volume/sequential designation 1
700 ## - ADDED ENTRY--PERSONAL NAME
Personal name Calamandrei
9 (RLIN) 32285
942 ## - ADDED ENTRY ELEMENTS (KOHA)
Koha item type LIBRO
Source of classification or shelving scheme Dewey Decimal Classification
Dati di copia
Withdrawn status Lost status Source of classification or shelving scheme Damaged status Not for loan Home library Current library Date acquired Total Checkouts Full call number Date last seen Price effective from Koha item type Public note
    Dewey Decimal Classification Buone Condizioni Not For Loan PAULUS-BIBLIOTECA PAULUS-BIBLIOTECA 11/04/2012   91.8.17 11/04/2012 11/04/2012 LIBRO Inserito da: LuigiG In data: 11 ottobre 2011 fondo: Fanella Progr:25511
CREDITS: SOCIETA' SAN PAOLO Via A.Severo, 58 - ROMA (RM) & PERIODICI SAN PAOLO SRL Via Giotto, 36 MILANO & CISF Via Giotto, 36 MILANO & EDIZIONI SAN PAOLO SRL,  Piazza Soncino, 5 CINISELLO BALSAMO (MI) -- ITALY